Financial Services (Record no. 6279)

MARC details
000 -LEADER
fixed length control field 00288nam a2200121Ia 4500
008 - FIXED-LENGTH DATA ELEMENTS--GENERAL INFORMATION
fixed length control field 191201s2014 xx 000 0 und d
100 ## - MAIN ENTRY--PERSONAL NAME
Personal name GUPTA,Shashi K.
245 #0 - TITLE STATEMENT
Title Financial Services
260 ## - PUBLICATION, DISTRIBUTION, ETC. (IMPRINT)
Place of publication, distribution, etc N. delhi
Name of publisher, distributor, etc Kalyani
Date of publication, distribution, etc 2014
300 ## - PHYSICAL DESCRIPTION
Extent Misc
650 ## - SUBJECT ADDED ENTRY--TOPICAL TERM
Topical term or geographic name as entry element B.Tech(CE)
942 ## - ADDED ENTRY ELEMENTS (KOHA)
Source of classification or shelving scheme Dewey Decimal Classification
Koha item type Text Books
942 ## - ADDED ENTRY ELEMENTS (KOHA)
-- 1
Holdings
Withdrawn status Lost status Source of classification or shelving scheme Damaged status Not for loan Collection code Home library Current library Date acquired Source of acquisition Cost, normal purchase price Bill Number Total Checkouts Full call number Acc. no. / Barcode Date last seen Actual Cost, discounted price Bill Date Koha item type Date last borrowed Public note
    Dewey Decimal Classification     BBA PIET C-LIBRARY PIET C-LIBRARY 03/10/2015 KIRTI PRAKASHAN, NEW DELHI 425.00 IN2294   332 GUF 25780 04/12/2019 340.00 28/02/2015 Text Books    
    Dewey Decimal Classification     BBA PIET C-LIBRARY PIET C-LIBRARY 03/10/2015 KIRTI PRAKASHAN, NEW DELHI 425.00 IN2294   332 GUF 25781 04/12/2019 340.00 28/02/2015 Text Books    
    Dewey Decimal Classification     BBA PIET C-LIBRARY PIET C-LIBRARY 03/10/2015 KIRTI PRAKASHAN, NEW DELHI 425.00 IN2294 3 332 GUF 25782 13/03/2025 340.00 28/02/2015 Text Books 27/02/2025 .
    Dewey Decimal Classification     BBA PIET C-LIBRARY PIET C-LIBRARY 03/10/2015 KIRTI PRAKASHAN, NEW DELHI 425.00 IN2294   332 GUF 25783 04/12/2019 340.00 28/02/2015 Text Books    

Design & Developed by: PIET Central Library
R70 Miles Stone Pattikalyana Samalkha Panipat 132102
mail ID :- [email protected], Phone No:- 0180-2569700 Ex.216